<?xml version="1.0" encoding="UTF-8"?><?xml-stylesheet type="text/xsl" href="static/style.xsl"?><OAI-PMH xmlns="http://www.openarchives.org/OAI/2.0/" xmlns:xsi="http://www.w3.org/2001/XMLSchema-instance" xsi:schemaLocation="http://www.openarchives.org/OAI/2.0/ http://www.openarchives.org/OAI/2.0/OAI-PMH.xsd"><responseDate>2026-06-01T20:48:59Z</responseDate><request verb="GetRecord" identifier="oai:riuma.uma.es:10630/37491" metadataPrefix="marc">https://riuma.uma.es/rest/oai/request</request><GetRecord><record><header><identifier>oai:riuma.uma.es:10630/37491</identifier><datestamp>2026-02-03T11:41:25Z</datestamp><setSpec>com_10630_2254</setSpec><setSpec>col_10630_37956</setSpec></header><metadata><record xmlns="http://www.loc.gov/MARC21/slim" xmlns:dcterms="http://purl.org/dc/terms/" xmlns:doc="http://www.lyncode.com/xoai" xmlns:xsi="http://www.w3.org/2001/XMLSchema-instance" xsi:schemaLocation="http://www.loc.gov/MARC21/slim http://www.loc.gov/standards/marcxml/schema/MARC21slim.xsd">
   <leader>00925njm 22002777a 4500</leader>
   <datafield ind2=" " ind1=" " tag="042">
      <subfield code="a">dc</subfield>
   </datafield>
   <datafield ind2=" " ind1=" " tag="720">
      <subfield code="a">Bryla, Martyna Marika</subfield>
      <subfield code="e">author</subfield>
   </datafield>
   <datafield ind2=" " ind1=" " tag="260">
      <subfield code="c">2010</subfield>
   </datafield>
   <datafield ind2=" " ind1=" " tag="520">
      <subfield code="a">The aim of this chapter is to discuss Margaret Atwood's The Handmaid's Tale (1985) and The Robber Bride (1993) against the backdrop of the third wave of feminism. Mindful of the fact that Margaret Atwood has been ambivalent about being labelled a feminist writer,  this chapter attempts to show that the third wave's voice in the feminist debate is often in unison with the Canadian author's stance on the notions of sisterhood and female bonding in the two novels. Moreover, Atwood’s vision of feminism as a part of a global struggle for human rights is in unison with the third-wave assumption that the movement is not only about women, but about “challenging all oppressions” (Moore 135). Among them third wavers enumerate sexism, racism, homophobia, but also the oppression done to nature. All these issues are of interest to Atwood and run through her fiction.</subfield>
   </datafield>
   <datafield ind1="8" ind2=" " tag="024">
      <subfield code="a">Bryla, Martyna. "Sisterhood or Female Bonding? Third-wave Feminism in Margaret Atwood's The Handmaid's Tale (1985) and The Robber Bride (1993)." Diferencia, (des)igualdad y justicia = Differences, (In)Equality and Justice. Estudios de mujeres. Volumen VII. Fundamentos, 2010, pp. 48-55.</subfield>
   </datafield>
   <datafield ind1="8" ind2=" " tag="024">
      <subfield code="a">978-84-245-1235-4</subfield>
   </datafield>
   <datafield ind1="8" ind2=" " tag="024">
      <subfield code="a">https://hdl.handle.net/10630/37491</subfield>
   </datafield>
   <datafield tag="653" ind2=" " ind1=" ">
      <subfield code="a">Atwood, Margaret - Crítica e interpretación</subfield>
   </datafield>
   <datafield ind2="0" ind1="0" tag="245">
      <subfield code="a">Sisterhood or Female Bonding? Third-wave Feminism in Margaret Atwood's The Handmaid's Tale (1985) and The Robber Bride (1993)</subfield>
   </datafield>
</record>
</metadata></record></GetRecord></OAI-PMH>